5HLuxD.jpg

KING HENRY VIII SENIOR AND PRIMARY SCHOOL LIBRARY OPAC

This savage song : (Record no. 1082)

000 -LEADER
fixed length control field 01538pam a2200325 i 4500
001 - CONTROL NUMBER
control field 020686755
003 - CONTROL NUMBER IDENTIFIER
control field UkOxU
005 - DATE AND TIME OF LATEST TRANSACTION
control field 20210528120118.0
008 - FIXED-LENGTH DATA ELEMENTS--GENERAL INFORMATION
fixed length control field 160114s2016 enk 000|1|eng|d
015 ## - NATIONAL BIBLIOGRAPHY NUMBER
National bibliography number GBB647525
Source bnb
016 7# - NATIONAL BIBLIOGRAPHIC AGENCY CONTROL NUMBER
Record control number 017796095
Source Uk
020 ## - INTERNATIONAL STANDARD BOOK NUMBER
International Standard Book Number 9781785652745 (pbk.) :
035 ## - SYSTEM CONTROL NUMBER
System control number (Uk)017796095
040 ## - CATALOGING SOURCE
Original cataloging agency StDuBDS
Language of cataloging eng
Description conventions rda
Transcribing agency StDuBDS
Modifying agency Uk
042 ## - AUTHENTICATION CODE
Authentication code ukblcatcopy
082 ## - DEWEY DECIMAL CLASSIFICATION NUMBER
Classification number FIC SCH
100 1# - MAIN ENTRY--PERSONAL NAME
Personal name Schwab, Victoria,
Relator term author.
245 10 - TITLE STATEMENT
Title This savage song :
Remainder of title a monsters of verity novel /
Statement of responsibility, etc. V.E. Schwab.
250 ## - EDITION STATEMENT
Edition statement First Titan Edition.
264 #1 - PRODUCTION, PUBLICATION, DISTRIBUTION, MANUFACTURE, AND COPYRIGHT NOTICE
Place of production, publication, distribution, manufacture London :
Name of producer, publisher, distributor, manufacturer Titan Books,
Date of production, publication, distribution, manufacture, or copyright notice 2016.
300 ## - PHYSICAL DESCRIPTION
Extent 411 pages ;
Dimensions 20 cm
336 ## - CONTENT TYPE
Content type term text
Source rdacontent
337 ## - MEDIA TYPE
Media type term unmediated
Source rdamedia
338 ## - CARRIER TYPE
Carrier type term volume
Source rdacarrier
440 ## - SERIES STATEMENT/ADDED ENTRY--TITLE
Title Monsters of verity novel ;
Number of part/section of a work Book 1.
500 ## - GENERAL NOTE
General note Formerly CIP.
Institution to which field applies Uk
520 ## - SUMMARY, ETC.
Summary, etc. Kate Harker and August Flynn are the heirs to a divided city, a grisly metropolis where the violence has begun to create real and deadly monsters. All Kate wants is to be as ruthless as her father, who lets monsters roam free and makes the inhabitants pay for his protection. August just wants to be human, as good-hearted as his own father - but his curse is to be what the humans fear. the thin truce that keeps the Harker and Flynn families at peace is crumbling, and an assassination attempt forces Kate and August into a tenuous alliance. But how long will they survive in a city where no one is safe and monsters are real.
655 #0 - INDEX TERM--GENRE/FORM
Genre/form data or focus term Fantasy fiction.
942 ## - ADDED ENTRY ELEMENTS (KOHA)
Source of classification or shelving scheme
Koha item type Books - Fiction
Holdings
Withdrawn status Lost status Source of classification or shelving scheme Damaged status Not for loan Collection code Permanent Location Current Location Shelving location Date acquired Full call number Barcode Date last seen Price effective from Koha item type
          Fiction KH8 Senior School Library KH8 Senior School Library Fiction 2021-05-28 FIC SCH 3KHSL000101815 2024-07-22 2021-05-28 Books - Fiction

Powered By KH8 IT Dept